Central Library OPAC University of Rajshahi

Handbook of suggestions : (Record no. 51659)

MARC details
000 -LEADER
fixed length control field 00729nam a2200217 a 4500
001 - CONTROL NUMBER
control field 51659
003 - CONTROL NUMBER IDENTIFIER
rucl marc code BD-RjUL
005 - DATE AND TIME OF LATEST TRANSACTION
control field 20211209075709.0
008 - FIXED-LENGTH DATA ELEMENTS--GENERAL INFORMATION
fixed length control field 160901s1946 enka 000 0 eng d
035 ## - SYSTEM CONTROL NUMBER
System control number (BD-RjUL)51779
040 ## - CATALOGING SOURCE
Original cataloging agency ALM
Transcribing agency ALM
Modifying agency EQO
-- BD-RjUL
Language of cataloging eng
041 ## - LANGUAGE CODE
Language code of text/sound track or separate title eng
082 ## - DEWEY DECIMAL CLASSIFICATION NUMBER
Edition number 23
Classification number 372.2
Author mark and year BOH 1946
110 1# - MAIN ENTRY--CORPORATE NAME
Corporate name or jurisdiction name as entry element Board of Education
9 (RLIN) 154434
245 10 - TITLE STATEMENT
Title Handbook of suggestions :
Statement of responsibility, etc. for the consideration of teachers and others concerned in the work of public elementary schools /
Remainder of title Board of Education
260 ## - PUBLICATION, DISTRIBUTION, ETC. (IMPRINT)
Place of publication, distribution, etc. London :
Name of publisher, distributor, etc. H.M. Stationery Office,
Date of publication, distribution, etc. [Reprinted 1946]
300 ## - PHYSICAL DESCRIPTION
Pagination 570 p. ;
Illustrations 24 cm.
650 #0 - SUBJECT ADDED ENTRY--TOPICAL TERM
Topical term or geographic name as entry element Education
General subdivision Curricula
Geographic subdivision Great Britain
9 (RLIN) 149801
Topical term or geographic name as entry element Education
9 (RLIN) 154433
942 ## - ADDED ENTRY ELEMENTS (KOHA)
Source of classification or shelving scheme Dewey Decimal Classification
Koha item type Books
Holdings
Lost status Source of classification or shelving scheme Damaged status Not for loan Collection code Permanent Location Current Location Shelving location Date acquired Source of acquisition Total Checkouts Full call number Date last seen Copy number Koha item type
  Dewey Decimal Classification     Non-fiction Central Library, University of Rajshahi Central Library, University of Rajshahi   21/03/1974 U.B.S.P.O.   372.2 BOH 1946 01/09/2016 C-2 Books